Homiletische Bibliothek für Seelsorger und Prediger Zehnter Band
| Format: | Book |
|---|---|
| Language: | Slovak |
| Published: |
St.Pölten
Franz Xav.Lorenz
1789
|
MARC
| LEADER | 00000nam a2200000 a 4500 | ||
|---|---|---|---|
| 001 | vtls001413109 | ||
| 003 | SK-MaSNL | ||
| 005 | 20260224155013.0 | ||
| 008 | 180126sm y0 xo r 0 slo | ||
| 020 | |c 3.500,00 | ||
| 035 | |a SNK000367831 | ||
| 040 | |a SNK |b slo |c SNK |e AACR2 | ||
| 044 | |a xo |c SK | ||
| 245 | 1 | |a Homiletische Bibliothek für Seelsorger und Prediger |n Zehnter Band | |
| 260 | |a St.Pölten |b Franz Xav.Lorenz |c 1789 | ||
| 999 | |c 1069301 |d 1071231 | ||
| 952 | |t P60, <04>, [BOOK], {604} |a SNK |b SNK |y VYP |7 0 |o snkID 89289/10 |i snkK 683/2001 |0 0 |1 0 |4 0 |d 2001-05-14 |l 0 |r 2005-01-02 00:00:00 |w 2026-02-24 | ||


